书目信息 |
| 题名: |
张量分析
|
|
| 作者: | 田宗若 编著 | |
| 分册: | ||
| 出版信息: | 西安 西北工业大学出版社 2016.03 |
|
| 页数: | 174页 | |
| 开本: | 26cm | |
| 丛书名: | ||
| 单 册: | ||
| 中图分类: | O183.2 | |
| 科图分类: | ||
| 主题词: | 几何 , 拓扑 | |
| 电子资源: | ||
| ISBN: | 978-7-5612-4743-3 | |
| 000 | 00574nam0 2200205 450 | |
| 001 | 947 | |
| 005 | 20160909102900.92 | |
| 010 | @a978-7-5612-4743-3@b平装@dCNY30.00 | |
| 100 | @a20160725d2016 km y0chiy0120 ea | |
| 101 | 0 | @achi |
| 102 | @aCN@b610000 | |
| 200 | 1 | @a张量分析@Azhang liang fen xi@f田宗若编著@Ftian zong ruo bian zhu |
| 210 | @a西安@c西北工业大学出版社@d2016.03 | |
| 215 | @a174页@d26cm | |
| 606 | 0 | @a几何 |
| 606 | 0 | @a拓扑 |
| 690 | @aO183.2@v4 | |
| 701 | 0 | @a田宗若@Atian zong ruo@4编著 |
| 801 | 0 | @aCN@b唐山师范学院图书馆@c20151002 |
| 905 | @aZUCC@dO183.2@e8 | |
| 张量分析/田宗若编著.-西安:西北工业大学出版社,2016.03 |
| 174页;26cm |
| ISBN 978-7-5612-4743-3(平装):CNY30.00 |
| ● |
| 相关链接 |
|
|
|
|
正题名:张量分析
索取号:O183.2/8
 
预约/预借
| 序号 | 登录号 | 条形码 | 馆藏地/架位号 | 状态 | 备注 |
| 1 | 903973 | 209039734 | 第二样本阅览室/ [索取号:O183.2/8] | 在馆 | |
| 2 | 903974 | 209039743 | 第三借阅区/ [索取号:O183.2/8] | 在馆 | |
| 3 | 903975 | 209039752 | 第三借阅区/ [索取号:O183.2/8] | 在馆 | |
| 4 | 903976 | 209039761 | 第三借阅区/ [索取号:O183.2/8] | 在馆 | |
| 5 | 903977 | 209039770 | 第三借阅区/ [索取号:O183.2/8] | 在馆 |